<?xml version="1.0" encoding="UTF-8"?>
<record
    xmlns:xsi="http://www.w3.org/2001/XMLSchema-instance"
    xsi:schemaLocation="http://www.loc.gov/MARC21/slim http://www.loc.gov/standards/marcxml/schema/MARC21slim.xsd"
    xmlns="http://www.loc.gov/MARC21/slim">

  <leader>     nam a22     7a 4500</leader>
  <datafield tag="999" ind1=" " ind2=" ">
    <subfield code="c">153771</subfield>
    <subfield code="d">153769</subfield>
  </datafield>
  <controlfield tag="005">20200121130840.0</controlfield>
  <controlfield tag="008">200121b        xxu||||| |||| 00| 0 eng d</controlfield>
  <datafield tag="050" ind1="1" ind2="4">
    <subfield code="a">B809.8 </subfield>
    <subfield code="b">W35 1963</subfield>
  </datafield>
  <datafield tag="100" ind1="1" ind2=" ">
    <subfield code="a"> Wetter, Gustav A</subfield>
  </datafield>
  <datafield tag="245" ind1=" " ind2=" ">
    <subfield code="a">Dialectical materialism : a historical and systematic survey of philosophy in the Soviet Union / </subfield>
    <subfield code="c">Gustav A Wetter. ; tr. Peter Heath.</subfield>
  </datafield>
  <datafield tag="246" ind1=" " ind2=" ">
    <subfield code="a">Materialismo dial&#xE9;ctico : </subfield>
    <subfield code="b">un estudio hist&#xF3;rico y sistem&#xE1;tico de la filosof&#xED;a en la Uni&#xF3;n Sovi&#xE9;tica.</subfield>
  </datafield>
  <datafield tag="250" ind1=" " ind2=" ">
    <subfield code="a">3a ed. </subfield>
  </datafield>
  <datafield tag="260" ind1=" " ind2=" ">
    <subfield code="a"> New York ;  </subfield>
    <subfield code="b">Praeger, </subfield>
    <subfield code="c">1963 </subfield>
  </datafield>
  <datafield tag="300" ind1=" " ind2=" ">
    <subfield code="a">609 p. ; </subfield>
    <subfield code="c">21 cm.</subfield>
  </datafield>
  <datafield tag="600" ind1=" " ind2=" ">
    <subfield code="a">Marx, Karl, </subfield>
    <subfield code="d">1818-1883 </subfield>
  </datafield>
  <datafield tag="650" ind1=" " ind2=" ">
    <subfield code="a">Materialismo dial&#xE9;ctico.</subfield>
  </datafield>
  <datafield tag="650" ind1=" " ind2=" ">
    <subfield code="a">Filosof&#xED;a marxista</subfield>
  </datafield>
  <datafield tag="700" ind1=" " ind2=" ">
    <subfield code="a">Heath., Peter </subfield>
    <subfield code="e"> tr. </subfield>
  </datafield>
  <datafield tag="942" ind1=" " ind2=" ">
    <subfield code="2">lcc</subfield>
    <subfield code="c">LIB</subfield>
  </datafield>
  <datafield tag="952" ind1=" " ind2=" ">
    <subfield code="1">0</subfield>
    <subfield code="2">lcc</subfield>
    <subfield code="4">0</subfield>
    <subfield code="7">1</subfield>
    <subfield code="a">LIC-020</subfield>
    <subfield code="b">LIC-020</subfield>
    <subfield code="c">FLV</subfield>
    <subfield code="d">2020-01-21</subfield>
    <subfield code="f">3a ed.</subfield>
    <subfield code="k">EH</subfield>
    <subfield code="o">B809.8 W35 1963</subfield>
    <subfield code="p">BFF000034169</subfield>
    <subfield code="r">2020-01-21 00:00:00</subfield>
    <subfield code="t">C.1</subfield>
    <subfield code="v">1.00</subfield>
    <subfield code="y">LIB</subfield>
  </datafield>
</record>
